Government of India (Allocations of business) rules, 1961: as amended upto June 17, 1971 (Record no. 491115)

000 -LEADER
fixed length control field 00522cam a22001217a 4500
008 - FIXED-LENGTH DATA ELEMENTS--GENERAL INFORMATION
fixed length control field 180718b1971 xxu||||| |||| 00| 0 eng d
082 ## - DEWEY DECIMAL CLASSIFICATION NUMBER
Classification number I2701x54 In2/1971
245 ## - TITLE STATEMENT
Title Government of India (Allocations of business) rules, 1961: as amended upto June 17, 1971
Statement of responsibility, etc. by Cabinet Secretariat, Department of Cabinet Affairs
260 ## - PUBLICATION, DISTRIBUTION, ETC.
Place of publication, distribution, etc. New Delhi
Name of publisher, distributor, etc. Cabinet Secretariat, Department of Cabinet Affairs
Date of publication, distribution, etc. 1971
300 ## - PHYSICAL DESCRIPTION
Extent 88+p
500 ## - GENERAL NOTE
General note bound with I2701x54 In2
700 ## - ADDED ENTRY--PERSONAL NAME
Personal name India. Department of Cabinet Affairs. Cabinet Secretariat
Holdings
Withdrawn status Lost status Damaged status Not for loan Permanent Location Current Location Date acquired Full call number Barcode Date last seen Price effective from Koha item type
        Indian Institute of Public Administration Indian Institute of Public Administration 2018-08-04 I2701x54 In2/1971 G11204 2018-08-04 2018-08-04 G

Powered by Koha